Szczegóły MARC21

Ameryka, Ameryka ! : antologia wierszy poetów amerykańskich po 1940 roku /

003 -Nazwa inst., której nr kontr. jest w polu 001 [,]
    • @
    • Nazwa instytucji, której n kontrolny jest w polu 001
    • NUKAT
005 -DATA I CZAS OSTATNIEJ MODYFIKACJI [,]
    • @
    • pole kontrolne
    • 20241231095445.0
020 -Międzynarod. znormalizowany nr książki - ISBN [ , ]
    • a
    • Numer ISBN
    • 8370035094 Find
040 -Instytucja sporządzająca opis [ , ]
    • a
    • Instytucja, która sporządziła opis (NP)
    • TOR U/TG
    • c
    • Instytucja, która sporządziła rekord (NP)
    • TOR U/Bd
    • d
    • Instytucja, która zmodyfikowała rekord (P)
    • TOR U/AP
041 -Język dokumentu [1, ]
    • a
    • Język tekstu (P)
    • angielski
    • a
    • Język tekstu (P)
    • polski
    • h
    • Język tekstu oryginalnego i/lub pośredniego (P)
    • angielski
942 -Rodzaj dokumentu [ , ]
    • c
    • Rodzaj dokumentu
    • Książka
245 -Strefa tytułu i oznaczenia odpowiedzialności [0,0]
    • a
    • Tytuł
    • Ameryka, Ameryka ! : Find
    • b
    • Ciąg dalszy tytułu (NP)
    • antologia wierszy poetów amerykańskich po 1940 roku / Find
    • c
    • Pozostałe elementy strefy tytułu i oznaczenia odpowiedzialności (NP)
    • [wybór, tł. i oprac.] Grzegorz Musiał ; wstępem opatrzył Daniel Weissbort.
260 -Strefa adresu wydawniczego [ , ]
    • a
    • Miejsce wydania (P)
    • Bydgoszcz :
    • b
    • Nazwa wydawcy (P)
    • Pomorze,
    • c
    • Data wydania (P)
    • 1994.
300 -Strefa opisu fizycznego [ , ]
    • a
    • Określenie formy książki i/lub objętość (NP)
    • 575 s. ;
    • c
    • Format (NP)
    • 22 cm.
336 -Typ zawartości [ , ]
    • a
    • Termin opisujący typ zawartości
    • Tekst
    • b
    • Kod określający zawartość
    • txt
    • 2
    • Źródło (terminu i kodu)
    • rdacontent
337 -Typ mediów [ , ]
    • a
    • Tryb odtwarzania
    • Bez urządzenia pośredniczącego
    • b
    • Kod typu mediów
    • n
    • 2
    • Źródło (terminu i kodu)
    • rdamedia
338 -Typ/rodzaj nośnika [ , ]
    • a
    • Hasło opisujące typ nośnika
    • Wolumin
    • b
    • Kod typu nośnika
    • nc
    • 2
    • Źródło (terminu i kodu)
    • rdacarrier
490 -Strefa serii i książki wielotomowej - forma nie do wyszukiwania [1, ]
    • a
    • Tytuł (P)
    • Biblioteka Oddziału Bydgosko-Toruńskiego Stowarzyszenia Pisarzy Polskich Find
830 -Hasło dodatkowe serii i opisu książki wielotomowej - tytuł ujednolicony/tytuł [ ,0]
    • a
    • Tytuł ujednolicony/tytuł (NP)
    • Biblioteka Oddziału Bydgosko-Toruńskiego Stowarzyszenia Pisarzy Polskich
    • 9
    • KHW
    • 60341
536 -Uwaga dot. finansowania książki [ , ]
    • a
    • Tekst uwagi
    • Książkę wydano dzięki wsparciu finansowemu Wydziału Kultury i Sportu Urzędu Wojewódzkiego w Bydgoszczy oraz Wydziału Kultury Urzędu Miejskiego w Bydgoszczy
546 -Uwaga dot. języka [ , ]
    • a
    • Uwaga dot. języka
    • Tekst równol. ang. i pol.
080 -Uniwersalna Klasyfikacja Dziesiętna [ , ]
    • 2
    • Identyfikator wydania tablic
    • UDC-P058
    • a
    • Symbol klasyfikacji
    • 821.111(73)-1
    • b
    • Dopowiedzenie
    • Literatura amerykańska. - Poezja. Dramat poetycki.
    • x
    • Poddział wspólny
    • =111(73)
    • b
    • Dopowiedzenie
    • =Język amerykański angielski.
    • x
    • Poddział wspólny
    • =162.1
    • b
    • Dopowiedzenie
    • =Język polski.
    • x
    • Poddział wspólny
    • (082.2)
    • b
    • Dopowiedzenie
    • (Antologie. Wypisy (różnych autorów). Cytaty. Fragmenty).
655 -Hasło w funkcji tematu formalnego [ ,7]
    • a
    • Hasło
    • Poezja amerykańska
    • y
    • Określnik chronologiczny
    • 20 w.
    • 2
    • Źródło terminu
    • kaba
    • 9
    • KHW
    • 464868
655 -Hasło w funkcji tematu formalnego [ ,7]
    • a
    • Hasło
    • Poezja amerykańska
    • v
    • Określnik formy
    • tłumaczenia polskie.
    • 2
    • Źródło terminu
    • kaba
    • 9
    • KHW
    • 363385
980 -Symbol UKD [ , ]
    • a
    • UKD
    • 821.111(73)-1(082.2)=111(73)=162.1
700 -Hasło dodatkowe - nazwa osobowa [1, ]
    • a
    • Nazwa osobowa (NP)
    • Musiał, Grzegorz Find
    • d
    • Daty biograficzne (NP)
    • (1952- ).
    • e
    • Określenie rodzaju współpracy
    • Oprac.
    • 9
    • KHW
    • 95408
700 -Hasło dodatkowe - nazwa osobowa [1, ]
    • a
    • Nazwa osobowa (NP)
    • Weissbort, Daniel Find
    • d
    • Daty biograficzne (NP)
    • (1935-2013).
    • e
    • Określenie rodzaju współpracy
    • Wstęp
    • 9
    • KHW
    • 532705
710 -Hasło dodatkowe - nazwa ciała zbiorowego [2, ]
    • a
    • Nazwa ciała zbiorowego lub nazwa geograficzna jako pierwszy element (NP)
    • Spółdzielnia Pracy Wydawnictwo "Pomorze".
    • 4
    • Kod relacji
    • pbl
    • 9
    • KHW
    • 78233
920 -ISBN [ , ]
    • a
    • ISBN
    • 83-7003-509-4 Find
Sygnatura Status udost. Numer inwentarzowy Lokalizacja Data inwentaryzacji
 -3A.8176BM2008-11-06
POL. Antologie - poezja 101P.12719BM1996-03-21